|
|
|
|
| LEADER |
00000nam0a2200000 4500 |
| 001 |
234572 |
| 005 |
20231101231331.0 |
| 035 |
|
|
|a (RuTPU)RU\TPU\book\255696
|
| 090 |
|
|
|a 234572
|
| 100 |
|
|
|a 20130326d1924 m y0rusy50 ca
|
| 101 |
0 |
|
|a rus
|
| 102 |
|
|
|a RU
|
| 105 |
|
|
|a a z 000zy
|
| 200 |
1 |
|
|a Описательная петрография (с приложением таблицы классификации горных пород по химическому составу)
|e лекции, прочитанные студентам геолого-разведочного факультета в 1923-24 учебном году
|f А. Н. Заварицкий
|g Ленинградский горный институт им. Г. В. Плеханова (ЛГИ)
|
| 210 |
|
|
|a Ленинград
|c Изд-во ЛГИ
|d 1924
|
| 215 |
|
|
|a 228 с.
|c ил.
|
| 606 |
1 |
|
|a Петрография
|2 stltpush
|3 (RuTPU)RU\TPU\subj\48701
|9 67549
|
| 610 |
1 |
|
|a горные породы
|
| 610 |
1 |
|
|a химический состав
|
| 610 |
1 |
|
|a минералы
|
| 610 |
1 |
|
|a текстуры
|
| 610 |
1 |
|
|a изверженные породы
|
| 610 |
1 |
|
|a андезиты
|
| 610 |
1 |
|
|a порфирины
|
| 610 |
1 |
|
|a диабазы
|
| 675 |
|
|
|a 552
|v 3
|
| 700 |
|
1 |
|a Заварицкий
|b А. Н.
|c выдающийся ученый
|c геолог
|c академик АН СССР
|f 1884-1952
|g Александр Николаевич
|2 stltpush
|3 (RuTPU)RU\TPU\pers\28622
|9 13438
|
| 712 |
0 |
2 |
|a Ленинградский горный институт им. Г. В. Плеханова (ЛГИ)
|c (1924-1991)
|2 stltpush
|3 (RuTPU)RU\TPU\col\1021
|
| 801 |
|
1 |
|a RU
|b 63413507
|c 20130326
|
| 801 |
|
2 |
|a RU
|b 63413507
|c 20130517
|g RCR
|
| 942 |
|
|
|c BK
|